Matemática 9 e.g.b. /

Guardado en:
Autor Principal: Jesé, Fabiánn
Formato: Libro
Publicado: Buenos Aires : Nuevas Propuestas, 2005
Materias:
Etiquetas: Agregar Etiqueta
Sin Etiquetas, Sea el primero en etiquetar este registro!
LEADER 00938nam a22002055a 4500
001 CEM.cems011814
005 20070622164256.0
008 130507s2005##################000#0#####d
003 CEMS
020 |a 9508590173 
082 0 4 |a 510 
100 1 |a Jesé, Fabiánn 
245 1 0 |a Matemática 9 e.g.b. /  |c Fabián Jesé 
260 |a Buenos Aires :  |b Nuevas Propuestas,  |c 2005 
300 |a 325 p. 
505 0 |a Números naturales -- Números racionales -- Números enteros -- Expresiones decimales -- Ecuaciones e inecuaciones -- Sistemas de ecuaciones -- Expresiones algebraicas -- Proporcionalidad -- Homotecia y semejanza -- Polinomios -- Números reales -- Funciones -- Trigonometría -- Estadística -- Combinatoria -- Probabilidad 
653 |a Matemática 
653 |a Matemática-9º egb 
859 |a CEMS  |b BIB. CEMS - 11 de abril  |h 510  |i J491  |p 22862.05  |t Ej.1  |v 9º  |3 9º 
859 |a CEMS  |b BIB. CEMS - 11 de abril  |h 510  |i J491  |p 23290.06  |t Ej.2  |v 9º  |3 9º